000 00387nam a2200157Ia 4500
005 20240912152403.0
008 240806s9999||||xx |||||||||||||| ||eng||
041 _aeng
082 _a305.8954
_bLAVB
100 _aLavaniya Rathour
245 0 _aBharateey samaj /
_cLavaniya Rathour
260 _a Jaipur:
_bResearch Pablication
300 _a461p.
650 _aSociology
942 _cBK
999 _c12778
_d12778